Guess the Taylor Swift song with no hint 75 - Statistics

General Stats
  • This quiz has been taken 1,067 times
  • The average score is 241 of 337
Answer Stats
Answer % Correct
I
100%
A
97%
a
97%
the
95%
you
95%
an
92%
me
92%
he
90%
He
90%
in
90%
it
90%
And
89%
and
89%
my
89%
we
89%
We
89%
On
88%
on
88%
to
88%
When
88%
where
88%
Where
88%
know
87%
I'm
85%
Go
83%
go?
83%
Like
83%
like
83%
No
83%
so
83%
So
83%
that
83%
it's
82%
It's
82%
think
78%
at
76%
can
76%
knows
76%
am
72%
I'll
72%
mine
72%
there
72%
all
71%
his
71%
see
71%
got
70%
Got
70%
up
70%
can't
69%
one
69%
want
69%
him
68%
look
66%
with
66%
oh!
65%
down
64%
He's
64%
every
62%
never
62%
night
62%
boy
61%
Boy
61%
'Cause
61%
man
61%
tell
59%
under
59%
wanna
57%
Wanna
57%
heartbeat
56%
understand
56%
gonna
55%
what's
55%
Avenue
54%
hand
54%
Skipping
54%
skipping
54%
boyish
53%
get
53%
Make
53%
make
53%
drawing
52%
mean
52%
plans
52%
understands
52%
body
51%
Or
51%
architect
50%
attitude
50%
nobody
50%
won't
49%
ain't
48%
around
48%
eyes
48%
good
48%
gotta
47%
seventeen
47%
16th
46%
dark
45%
drive
45%
hands
45%
he'll
45%
home
45%
soul
45%
stay
45%
Lead
44%
obsessed
44%
sidewalk
44%
alone
43%
better
43%
footprints
43%
stop
43%
whisper
43%
wait
42%
ones
41%
lock
40%
smile
40%
cold
39%
myself
39%
stick
39%
thigh
39%
bless
38%
sparks
36%
follow
35%
glass
35%
indigo
33%
Lyrical
33%
No matching quizzes found
Score Distribution
Percent of People with Each Score
Percentile by Number Answered
Your Score History
You have not taken this quiz